|
|
|
|
| LEADER |
00000nab a2200000 a 4500 |
| 001 |
vtls000858456 |
| 003 |
SK-MaSNL |
| 005 |
20260304120626.0 |
| 008 |
250429c2003 xo 0 slo |
| 015 |
|
|
|a SNBRB2004/01-01990
|
| 035 |
|
|
|a CLN000210105
|
| 035 |
|
|
|a urn:nbn:sk:snk-ab793t
|
| 035 |
|
|
|a (uuid)34709724-5edc-40a9-9207-18858befb17e
|
| 035 |
|
|
|a (urnnbn)urn:nbn:sk:snk:ar-a077zd
|
| 035 |
|
|
|a (sysno)vtls000858456
|
| 040 |
|
|
|a SNKBUCL
|b slo
|c SNKBUCL
|e AACR2
|
| 041 |
0 |
|
|a eng
|
| 044 |
|
|
|a xo
|c SK
|
| 080 |
|
|
|a 561.263(234.323.61)"6151"
|2 1997
|
| 100 |
1 |
|
|a Kolar-Jurkovšek, Tea
|4 aut
|9 1424781
|
| 245 |
1 |
0 |
|a Clypeina besici Pantić (Chlorophyta, Dasycladales) from the "Raibl Beds" of the Western Karavanke Mountains (Slovenia)
|c Tea Kolar-Jurkovšek, Bogdan Jurkovšek
|
| 300 |
|
|
|b Obr.
|
| 504 |
|
|
|a Bibliogr. odkazy
|
| 546 |
|
|
|a Res. angl.
|
| 650 |
0 |
7 |
|a Clypeina besici
|x morfológia
|y trias
|2 snkbucl
|9 1424782
|
| 650 |
0 |
7 |
|a vodné riasy
|2 snkbucl
|9 1255685
|
| 651 |
|
7 |
|a Karavanky (Rakúsko a Slovinsko)
|2 snkbucl
|9 118854
|
| 700 |
1 |
|
|a Jurkovšek, Bogdan
|4 aut
|9 1424783
|
| 773 |
0 |
|
|t Geologica carpathica
|g Roč. 54, č. 4 (2003), s. 237-242
|x 1335-0552
|
| 850 |
|
|
|a Slovenská národná knižnica
|
| 852 |
|
|
|a Slovenská národná knižnica
|
| 958 |
|
|
|a article27
|
| 958 |
|
|
|a SI
|
| 958 |
|
|
|a NB
|
| 958 |
|
|
|a OND
|
| 958 |
|
|
|a EUIPO
|
| 999 |
|
|
|c 2880874
|d 2882804
|